000 00309nam a22001457a 4500
008 210511b ||||| |||| 00| 0 eng d
020 _a9781308855493
041 _aeng
080 _a621
082 _a621
100 _a26
101 _aMEK
245 _aElectrical Engineering
_cStorrs
942 _2udc
_cBK
999 _c57172
_d57172